Translating Food Spanish Words to English - Statistics

General Stats
  • This quiz has been taken 224 times
  • The average score is 12 of 13
Answer Stats
Spanish English % Correct
Tomate Tomato
100%
Salmón Salmon
99%
Pollo Chicken
98%
Queso Cheese
97%
Pan Bread
96%
Pescado Fish
96%
Naranja Orange
96%
Arroz Rice
89%
Sopa Soup
89%
Piña Pineapple
88%
Jamón Ham
87%
Ajo Garlic
61%
Pera Pear
61%
No matching quizzes found
Score Distribution
Percent of People with Each Score
Percentile by Number Answered
Your Score History
You have not taken this quiz